[Event "ASEAN Circuit IM (Women)"]
[Site "Tarakan"]
[Date "2008.01.18"]
[Round "10"]
[White "Mendoza, Beverly"]
[Black "Handoko, Edhi"]
[Result "0-1"]
[WhiteElo "2099"]
[BlackElo "2437"]
[PlyCount "60"]
[EventDate "2008.01.08"]
[EventType "tourn"]
[EventRounds "11"]
[EventCountry "INA"]
[SourceTitle "CBM 122 Extra"]
[Source "ChessBase"]
[SourceDate "2008.03.04"]
[SourceVersion "1"]
[SourceVersionDate "2008.03.04"]
[SourceQuality "1"]

1. e4 e5 2. Nf3 Nf6 3. Bc4 Nxe4 4. Nc3 Nf6 5. Nxe5 d5 6. Bb3 Be7 7. d4 0-0 8. 0-0 c6 9. Qf3 Na6 10. Bg5 Nc7 11. Rad1 Ne6 12. Bh4 Ne8 13. Bg3 f6 14. Nxc6 bxc6 15. Nxd5 Bd6 16. Nc3 Kh8 17. Qxc6 Rb8 18. Rfe1 Rb6 19. Qf3 Bxg3 20. Qxg3 f5 21. Qe5 Nf6 22. Na4 Rd6 23. d5 Ng4 24. Qg3 Ng5 25. f4 Ne4 26. Qf3 Qh4 27. h3 Ngf2 28. c4 Rg6 29. Kh2 Rg3 30. Qe2 Rxh3+ 0-1

[Event "ASEAN Circuit IM (Women)"]
[Site "Tarakan"]
[Date "2008.01.08"]
[Round "1"]
[White "Verdiana, Norasa"]
[Black "Handoko, Edhi"]
[Result "0-1"]
[WhiteElo "1890"]
[BlackElo "2437"]
[PlyCount "120"]
[EventDate "2008.01.08"]
[EventType "tourn"]
[EventRounds "11"]
[EventCountry "INA"]
[SourceTitle "CBM 122 Extra"]
[Source "ChessBase"]
[SourceDate "2008.03.04"]
[SourceVersion "1"]
[SourceVersionDate "2008.03.04"]
[SourceQuality "1"]

1. e4 d5 2. exd5 Qxd5 3. Nc3 Qd6 4. d4 Nf6 5. Nf3 Bg4 6. Be2 c6 7. Bg5 Nbd7 8. Qd2 e6 9. Bf4 Qb4 10. 0-0 Bd6 11. a3 Bxf4 12. axb4 Bxd2 13. Nxd2 Bxe2 14. Nxe2 Nd5 15. c3 Ke7 16. Ne4 a6 17. f4 g6 18. Nc1 Rab8 19. Nd3 Rhd8 20. Rae1 N7f6 21. Nxf6 Kxf6 22. Nc5 h6 23. Re5 Kg7 24. g4 Nf6 25. h3 Nd7 26. Nxd7 Rxd7 27. f5 exf5 28. gxf5 g5 29. Kg2 Kf6 30. Kf3 Rg8 31. Kg4 h5+ 32. Kf3 g4+ 33. hxg4 Rxg4 34. Rh1 Rg5 35. Kf4 Rd5 36. Rh4 Rxf5+ 37. Rxf5+ Rxf5+ 38. Ke4 Rg5 39. Kf4 Kg6 40. c4 f6 41. Rh1 Rg4+ 42. Ke3 h4 43. Kd3 Kf5 44. Rf1+ Rf4 45. Rh1 Rg4 46. Rf1+ Ke6 47. Re1+ Kd6 48. Rf1 Rg3+ 49. Ke4 Ke6 50. d5+ cxd5+ 51. cxd5+ Ke7 52. Kd4 h3 53. Rh1 Rg4+ 54. Kc5 Rh4 55. b5 axb5 56. Kxb5 Kd6 57. Rh2 Kxd5 58. Kb6 Rb4+ 59. Kc7 Rb3 60. Kd7 Ke5 0-1

[Event "Dubai op 09th"]
[Site "Dubai"]
[Date "2007.04.25"]
[Round "4"]
[White "Kotanjian, Tigran"]
[Black "Handoko, Edhi"]
[Result "1-0"]
[WhiteElo "2560"]
[BlackElo "2441"]
[PlyCount "43"]
[EventDate "2007.04.22"]
[EventType "swiss"]
[EventRounds "9"]
[EventCountry "UAE"]
[SourceTitle "CBM 118 Extra"]
[Source "ChessBase"]
[SourceDate "2007.07.04"]
[SourceVersion "1"]
[SourceVersionDate "2007.07.04"]
[SourceQuality "1"]

1. d4 d5 2. c4 e6 3. Nc3 Nf6 4. cxd5 exd5 5. Bg5 Bb4 6. e3 0-0 7. Bd3 c6 8. Qc2 h6 9. Bh4 Nbd7 10. a3 Be7 11. Nge2 Re8 12. f3 Qa5 13. Bf2 c5 14. 0-0 c4 15. Bf5 Nf8 16. Bxc8 Raxc8 17. h3 Ng6 18. e4 Qd8 19. e5 Nh5 20. Qf5 Bg5 21. h4 Ne7 22. Qg4 1-0

[Event "Kuala Lumpur op 2nd"]
[Site "Kuala Lumpur"]
[Date "2005.08.24"]
[Round "8"]
[White "Handoko, Edhi"]
[Black "Rogers, Ian"]
[Result "1/2-1/2"]
[WhiteElo "2407"]
[BlackElo "2569"]
[PlyCount "28"]
[EventDate "2005.08.20"]
[EventType "swiss"]
[EventRounds "11"]
[EventCountry "MAS"]
[SourceTitle "CBM 108 Extra"]
[Source "ChessBase"]
[SourceDate "2005.11.04"]
[SourceVersion "1"]
[SourceVersionDate "2005.11.04"]
[SourceQuality "1"]

1. e4 c6 2. d4 d5 3. Nc3 dxe4 4. Nxe4 Nf6 5. Nxf6+ gxf6 6. Be3 Bf5 7. Ne2 Nd7 8. Ng3 Bg6 9. h4 h5 10. Bd3 Bxd3 11. Qxd3 e6 12. 0-0-0 Qa5 13. Kb1 0-0-0 14. Qe2 Be7 1/2-1/2

[Event "Kuala Lumpur op 2nd"]
[Site "Kuala Lumpur"]
[Date "2005.08.23"]
[Round "6"]
[White "Handoko, Edhi"]
[Black "Nguyen, Anh Dung"]
[Result "1-0"]
[WhiteElo "2407"]
[BlackElo "2555"]
[PlyCount "135"]
[EventDate "2005.08.20"]
[EventType "swiss"]
[EventRounds "11"]
[EventCountry "MAS"]
[SourceTitle "CBM 108 Extra"]
[Source "ChessBase"]
[SourceDate "2005.11.04"]
[SourceVersion "1"]
[SourceVersionDate "2005.11.04"]
[SourceQuality "1"]

1. e4 c5 2. c3 d5 3. exd5 Qxd5 4. d4 Nf6 5. Nf3 Bg4 6. Qa4+ Bd7 7. Qd1 e6 8. Be2 Nc6 9. Na3 cxd4 10. Nb5 0-0-0 11. cxd4 Bb4+ 12. Bd2 Bxd2+ 13. Qxd2 a6 14. Nc3 Qd6 15. 0-0 Kb8 16. Rfd1 Bc8 17. Qg5 h6 18. Qxg7 Nh5 19. Qg4 Nf4 20. Qh4 e5 21. dxe5 Nxe2+ 22. Kf1 Qg6 23. Nxe2 Rhg8 24. Ne1 Rde8 25. Rd6 Qf5 26. Nd4 Nxd4 27. Qxd4 Rg4 28. Qc3 Bd7 29. Rad1 Bb5+ 30. Kg1 Rxe5 31. Rd8+ Ka7 32. Nf3 Rc5 33. Qe3 Re4 34. Qd2 Qf6 35. Nd4 Be8 36. Qb4 Rce5 37. f3 Qxd8 38. fxe4 Rxe4 39. Qc5+ Qb6 40. Qxb6+ Kxb6 41. Kf2 a5 42. Kf3 Re5 43. Kf4 Rd5 44. Ke3 Bc6 45. g3 a4 46. Rf1 Re5+ 47. Kd3 Bd5 48. a3 Ba2 49. Rf4 Re1 50. Nf3 Rd1+ 51. Kc3 Ka5 52. Rf5+ b5 53. Nd4 Bc4 54. Nc6+ Kb6 55. Ne5 Bb3 56. Rf6+ Kc7 57. Rc6+ Kb7 58. Rxh6 Rd5 59. Nd3 Bc4 60. Nb4 Rd1 61. Nc6 Kc7 62. Ne5 Be6 63. Nd3 Rh1 64. Kb4 Rd1 65. Nc5 Bc4 66. Nxa4 Rd2 67. b3 Be2 68. Nc3 1-0

[Event "Asia Cities-ch 14th"]
[Site "Tagaytay City"]
[Date "2004.03.25"]
[Round "7.4"]
[White "Handoko, Edhi"]
[Black "Liang, Jinrong"]
[Result "1-0"]
[WhiteElo "2405"]
[BlackElo "2489"]
[PlyCount "159"]
[EventDate "2004.03.21"]
[EventType "team"]
[EventRounds "9"]
[EventCountry "PHI"]
[SourceTitle "CBM 099 Extra"]
[Source "ChessBase"]
[SourceDate "2004.05.04"]
[SourceVersion "1"]
[SourceVersionDate "2004.05.04"]
[SourceQuality "1"]
[WhiteTeam "Jakarta"]
[BlackTeam "Guangzhou"]
[WhiteTeamCountry "INA"]
[BlackTeamCountry "CHN"]

1. e4 c5 2. c3 Nf6 3. e5 Nd5 4. d4 cxd4 5. Nf3 Nc6 6. Bc4 Nb6 7. Bb3 d5 8. exd6 Qxd6 9. 0-0 Be6 10. Bxe6 Qxe6 11. Nxd4 Qd7 12. Nxc6 Qxc6 13. Nd2 Rd8 14. Qf3 Rd5 15. c4 Rd7 16. b3 f6 17. Ne4 e5 18. Be3 Be7 19. Rad1 0-0 20. Bxb6 Rxd1 21. Rxd1 axb6 22. Rd5 f5 23. Ng3 Qe6 24. Ne2 Bc5 25. Qc3 Re8 26. Qd2 Qf6 27. b4 Bf8 28. a3 Qc6 29. Qc3 Qe6 30. h3 g6 31. Qd2 Qc6 32. Rd7 Re7 33. Rd8 Qxc4 34. Nc3 Rf7 35. Nd5 Kg7 36. Qe3 Qd4 37. Qc1 Be7 38. Nc7 Qxd8 39. Ne6+ Kf6 40. Nxd8 Bxd8 41. Qc8 Bc7 42. Qxb7 e4 43. Qc6+ Kg7 44. Kf1 Re7 45. Ke2 f4 46. a4 e3 47. fxe3 fxe3 48. h4 h5 49. b5 Kf7 50. a5 bxa5 51. b6 Bb8 52. Qd5+ Kf6 53. Qd8 Bg3 54. Qd5 Kg7 55. Qxa5 Bf4 56. Qb4 Rf7 57. Qe4 Rf8 58. b7 Bb8 59. Qd4+ Kg8 60. Qxe3 Kg7 61. Qd4+ Kg8 62. Kd3 Kf7 63. Qd7+ Kg8 64. Ke4 Rf4+ 65. Kd5 Rf8 66. Ke6 Bf4 67. g3 Bb8 68. Qe7 Ba7 69. Qc7 Bb8 70. Qd7 Ba7 71. Qc8 Kg7 72. Qc3+ Kg8 73. Qc2 Kh7 74. g4 hxg4 75. h5 Rg8 76. hxg6+ Kh6 77. Kf7 Rg7+ 78. Kf6 Bd4+ 79. Kf5 Rxb7 80. Qh2+ 1-0

[Event "Asia Cities-ch 14th"]
[Site "Tagaytay City"]
[Date "2004.03.22"]
[Round "2.4"]
[White "Bitoon, Richard"]
[Black "Handoko, Edhi"]
[Result "1-0"]
[WhiteElo "2430"]
[BlackElo "2405"]
[PlyCount "71"]
[EventDate "2004.03.21"]
[EventType "team"]
[EventRounds "9"]
[EventCountry "PHI"]
[SourceTitle "CBM 099 Extra"]
[Source "ChessBase"]
[SourceDate "2004.05.04"]
[SourceVersion "1"]
[SourceVersionDate "2004.05.04"]
[SourceQuality "1"]
[WhiteTeam "Mandaluyong"]
[BlackTeam "Jakarta"]
[WhiteTeamCountry "PHI"]
[BlackTeamCountry "INA"]

1. e4 e5 2. Bc4 Nf6 3. d3 Nc6 4. Nf3 Be7 5. 0-0 0-0 6. Re1 d6 7. a4 Kh8 8. a5 Ng8 9. a6 f5 10. axb7 Bxb7 11. Nc3 Nb4 12. Nd5 Nxd5 13. Bxd5 c6 14. Bc4 Bc8 15. Ba6 Bd7 16. exf5 Rxf5 17. d4 Qc7 18. Bd3 Rff8 19. dxe5 Bg4 20. Be2 dxe5 21. Nxe5 Rad8 22. Nd3 Bc8 23. Bd2 c5 24. Ba5 Qb8 25. Bxd8 Rxd8 26. b3 Bf6 27. Ra4 Bd4 28. Qd2 Bd7 29. Ra2 Nf6 30. Bf3 Bg4 31. Qf4 Qxf4 32. Nxf4 Bxf3 33. gxf3 Rd7 34. Ra6 Bc3 35. Re3 Bd2 36. Rd3 1-0

[Event "Asia Cities-ch 14th"]
[Site "Tagaytay City"]
[Date "2004.03.22"]
[Round "3.4"]
[White "Handoko, Edhi"]
[Black "Bakri, Anas Nazreen"]
[Result "1-0"]
[WhiteElo "2405"]
[BlackElo "2204"]
[PlyCount "53"]
[EventDate "2004.03.21"]
[EventType "team"]
[EventRounds "9"]
[EventCountry "PHI"]
[SourceTitle "CBM 099 Extra"]
[Source "ChessBase"]
[SourceDate "2004.05.04"]
[SourceVersion "1"]
[SourceVersionDate "2004.05.04"]
[SourceQuality "1"]
[WhiteTeam "Jakarta"]
[BlackTeam "Kuala Lumpur"]
[WhiteTeamCountry "INA"]
[BlackTeamCountry "MAS"]

1. e4 c5 2. c3 d5 3. exd5 Qxd5 4. d4 Nf6 5. Nf3 e6 6. Be3 cxd4 7. cxd4 Nc6 8. Nc3 Bb4 9. Bd3 Qa5 10. 0-0 Bxc3 11. bxc3 Qxc3 12. Rc1 Qa5 13. Ne5 0-0 14. Rc5 Qxa2 15. Bg5 Nd5 16. Qh5 f5 17. Bc4 Qa4 18. Rxd5 Nxe5 19. Bb5 Qb4 20. Rxe5 Qxd4 21. Re3 f4 22. Rh3 h6 23. Be7 Rf7 24. Rd1 Qxd1+ 25. Qxd1 Rxe7 26. Qd8+ Kf7 27. Rc3 1-0

[Event "SEA Games tt 22nd"]
[Site "Ho Chi Minh City"]
[Date "2003.12.07"]
[Round "2"]
[White "Paragua, Mark"]
[Black "Handoko, Edhi"]
[Result "1-0"]
[WhiteElo "2500"]
[BlackElo "2429"]
[PlyCount "95"]
[EventDate "2003.12.07"]
[EventType "team"]
[EventRounds "5"]
[EventCountry "VIE"]
[SourceTitle "CBM 097 Extra"]
[Source "ChessBase"]
[SourceDate "2004.01.13"]
[SourceVersion "1"]
[SourceVersionDate "2004.01.13"]
[SourceQuality "1"]

1. e4 e5 2. Nf3 Nf6 3. Nxe5 d6 4. Nf3 Nxe4 5. Nc3 Nxc3 6. dxc3 Be7 7. Bf4 Nd7 8. Qd2 Nc5 9. 0-0-0 0-0 10. Be3 c6 11. Nd4 d5 12. f3 Re8 13. g4 a5 14. h4 a4 15. g5 a3 16. b3 Ne6 17. Nf5 Bf8 18. h5 b5 19. Rg1 b4 20. cxb4 Rb8 21. c3 c5 22. bxc5 Bxc5 23. Bxc5 Nxc5 24. Nd4 Qd6 25. Bd3 Bd7 26. Bc2 Re7 27. Ne2 Na4 28. h6 g6 29. Qd4 Qe5 30. bxa4 Rb2 31. Qxe5 Rxe5 32. Nd4 Rxa2 33. a5 Re8 34. Kd2 Ra8 35. Ra1 Rxa1 36. Rxa1 Rxa5 37. Bb3 Kf8 38. Nc2 d4 39. Nxd4 Rxg5 40. Rxa3 Rh5 41. Ra7 Be8 42. c4 Rxh6 43. c5 Rh5 44. c6 Rc5 45. c7 Bd7 46. Ba4 Ke7 47. c8Q Rxc8 48. Rxd7+ 1-0

[Event "US Open-104"]
[Site "Los Angeles"]
[Date "2003.08.11"]
[Round "8"]
[White "Zaikov, Oleg"]
[Black "Handoko, Edhi"]
[Result "1/2-1/2"]
[WhiteElo "2306"]
[BlackElo "2429"]
[PlyCount "62"]
[EventDate "2003.08.03"]
[EventType "swiss"]
[EventRounds "12"]
[EventCountry "USA"]
[SourceTitle "CBM 095 Extra"]
[Source "ChessBase"]
[SourceDate "2003.09.04"]
[SourceVersion "1"]
[SourceVersionDate "2003.09.04"]
[SourceQuality "1"]

1. d4 d5 2. c4 e6 3. Nc3 Nf6 4. Bg5 Nbd7 5. e3 c6 6. Nf3 Qa5 7. Nd2 Bb4 8. Qc2 Ne4 9. Ndxe4 dxe4 10. Bh4 e5 11. Be2 0-0 12. 0-0 f5 13. c5 Bxc3 14. bxc3 Nf6 15. Bc4+ Kh8 16. dxe5 Qxc5 17. exf6 Qxc4 18. fxg7+ Kxg7 19. Bg3 Be6 20. Be5+ Kg8 21. f4 h6 22. Qf2 Kh7 23. Rfd1 Rad8 24. Rxd8 Rxd8 25. Qh4 Rd2 26. Qf6 Rxg2+ 27. Kxg2 Qe2+ 28. Kh1 Qf3+ 29. Kg1 Qxe3+ 30. Kh1 Qf3+ 31. Kg1 Qe3+ 1/2-1/2

[Event "US Open-104"]
[Site "Los Angeles"]
[Date "2003.08.07"]
[Round "5"]
[White "Peckham, Monty"]
[Black "Handoko, Edhi"]
[Result "1-0"]
[WhiteElo "2170"]
[BlackElo "2429"]
[PlyCount "67"]
[EventDate "2003.08.03"]
[EventType "swiss"]
[EventRounds "12"]
[EventCountry "USA"]
[SourceTitle "CBM 095 Extra"]
[Source "ChessBase"]
[SourceDate "2003.09.04"]
[SourceVersion "1"]
[SourceVersionDate "2003.09.04"]
[SourceQuality "1"]

1. e4 e5 2. Nf3 Nc6 3. Bb5 f5 4. d3 Nf6 5. Qe2 d6 6. Nc3 Be7 7. d4 fxe4 8. Nxe4 0-0 9. dxe5 Nxe4 10. Qxe4 d5 11. Qa4 Rxf3 12. gxf3 Nxe5 13. Be2 Bf6 14. Be3 b5 15. Qxb5 c6 16. Qa4 Rb8 17. Rb1 a5 18. Bd2 Qe8 19. Kd1 Bd7 20. Rg1 Qh5 21. Qf4 Rf8 22. Qg3 Qf7 23. Bxa5 d4 24. f4 d3 25. Bxd3 Nxd3 26. Qxd3 Be6 27. Kc1 Bc4 28. Qg3 Re8 29. b3 Bd5 30. Bc3 Re7 31. Kb2 g6 32. Rbc1 Rd7 33. Qe3 Bxc3+ 34. Kxc3 1-0

[Event "US Open-104"]
[Site "Los Angeles"]
[Date "2003.08.06"]
[Round "4"]
[White "Handoko, Edhi"]
[Black "Pruess, David"]
[Result "1-0"]
[WhiteElo "2429"]
[BlackElo "2331"]
[PlyCount "122"]
[EventDate "2003.08.03"]
[EventType "swiss"]
[EventRounds "12"]
[EventCountry "USA"]
[SourceTitle "CBM 095 Extra"]
[Source "ChessBase"]
[SourceDate "2003.09.04"]
[SourceVersion "1"]
[SourceVersionDate "2003.09.04"]
[SourceQuality "1"]

1. e4 c6 2. c4 d5 3. exd5 cxd5 4. cxd5 Nf6 5. Qa4+ Nbd7 6. Nc3 g6 7. g3 Bg7 8. Bg2 0-0 9. Nge2 Nb6 10. Qb5 Bf5 11. d4 Rc8 12. Nf4 g5 13. d6 e5 14. Nfe2 Nfd7 15. 0-0 a6 16. Qa5 Bc2 17. Nd5 Nxd5 18. Qxd5 Nb6 19. Qxb7 exd4 20. Bh3 Rc5 21. d7 Nc4 22. Qa7 Rc7 23. Qxa6 Bd3 24. Nxd4 Bxd4 25. Rd1 Nxb2 26. Qd6 Bc5 27. Rxd3 Bxd6 28. Rxd6 Nc4 29. Rd5 h6 30. a4 f5 31. Bf1 Nb6 32. Rd6 Rf6 33. Rxf6 Qxf6 34. Bb2 Qd8 35. a5 Nxd7 36. a6 Nb6 37. a7 Na8 38. Be5 Rd7 39. Rb1 Rxa7 40. Rb8 Qxb8 41. Bxb8 Ra5 42. Bd6 Kh7 43. Bb4 Ra4 44. Bc5 Kg6 45. h3 Nc7 46. Bd3 Ne6 47. Be3 Kf6 48. Bd2 Ra3 49. Bc4 Ke5 50. Kg2 Nd4 51. f4+ Kf6 52. fxg5+ hxg5 53. Kf2 f4 54. gxf4 gxf4 55. Kg2 Rg3+ 56. Kf2 Rxh3 57. Ba5 Rh2+ 58. Kg1 Nf3+ 59. Kf1 Kf5 60. Be2 Kg4 61. Be1 Rxe2 1-0

[Event "US Open-104"]
[Site "Los Angeles"]
[Date "2003.08.03"]
[Round "1"]
[White "Pena, Alfredo"]
[Black "Handoko, Edhi"]
[Result "0-1"]
[WhiteElo "2175"]
[BlackElo "2429"]
[PlyCount "66"]
[EventDate "2003.08.03"]
[EventType "swiss"]
[EventRounds "12"]
[EventCountry "USA"]
[SourceTitle "CBM 095 Extra"]
[Source "ChessBase"]
[SourceDate "2003.09.04"]
[SourceVersion "1"]
[SourceVersionDate "2003.09.04"]
[SourceQuality "1"]

1. e4 e5 2. Nf3 Nc6 3. Bc4 Nf6 4. Ng5 d5 5. exd5 Nd4 6. 0-0 h6 7. Nf3 Bg4 8. Be2 Nxe2+ 9. Qxe2 Bd6 10. Qb5+ Nd7 11. Qb3 e4 12. Re1 0-0 13. Nd4 Qf6 14. Ne2 e3 15. dxe3 Bxh2+ 16. Kxh2 Qxf2 17. Qc3 Ne5 18. Nd2 Bf3 19. Nf4 Qh4+ 20. Nh3 Ng4+ 21. Kg1 Qxe1+ 22. Nf1 Qxc3 23. bxc3 Bxd5 24. Ba3 Rfe8 25. Rd1 Rad8 26. Rd4 Nxe3 27. Nxe3 Rxe3 28. Nf4 c6 29. Bb4 Re4 30. Nxd5 cxd5 31. Rd3 b6 32. Kf2 f5 33. Kf3 Kf7 0-1

[Event "Wismilak"]
[Site "Surabaya"]
[Date "2002.07.28"]
[Round "10"]
[White "Zaw, Win Lay"]
[Black "Handoko, Edhi"]
[Result "0-1"]
[WhiteElo "2531"]
[BlackElo "2431"]
[PlyCount "74"]
[EventDate "2002.07.22"]
[EventType "tourn"]
[EventRounds "11"]
[EventCountry "IND"]
[EventCategory "8"]
[SourceTitle "CBM 089 Extra"]
[Source "ChessBase"]
[SourceDate "2002.09.10"]
[SourceVersion "2"]
[SourceVersionDate "2002.09.10"]
[SourceQuality "1"]

1. e4 e5 2. Nf3 Nf6 3. Nxe5 d6 4. Nf3 Nxe4 5. d4 d5 6. Bd3 Bd6 7. 0-0 0-0 8. c4 c6 9. cxd5 cxd5 10. Nc3 Nxc3 11. bxc3 Bg4 12. Rb1 Nd7 13. h3 Bh5 14. Rb5 Nb6 15. c4 Bxf3 16. Qxf3 dxc4 17. Bc2 Qd7 18. a4 Rfe8 19. Be3 Bc7 20. Rg5 g6 21. Rb1 Rad8 22. d5 Qd6 23. Rd1 Qh2+ 24. Kf1 Nd7 25. Rd4 Ne5 26. Rxe5 Bxe5 27. Rh4 Qh1+ 28. Ke2 Bg7 29. Rxc4 Rd6 30. Rc7 Rf6 31. Qg3 Bf8 32. Qg5 Qa1 33. Rxb7 h6 34. Qg4 Rxe3+ 35. fxe3 Qf1+ 36. Kd2 Rf2+ 37. Kc3 Qe1+ 0-1

[Event "Wismilak"]
[Site "Surabaya"]
[Date "2002.07.23"]
[Round "2"]
[White "Handoko, Edhi"]
[Black "Ardiansyah, Haji"]
[Result "1-0"]
[WhiteElo "2431"]
[BlackElo "2411"]
[PlyCount "63"]
[EventDate "2002.07.22"]
[EventType "tourn"]
[EventRounds "11"]
[EventCountry "IND"]
[EventCategory "8"]
[SourceTitle "CBM 089 Extra"]
[Source "ChessBase"]
[SourceDate "2002.09.10"]
[SourceVersion "2"]
[SourceVersionDate "2002.09.10"]
[SourceQuality "1"]

1. e4 d6 2. d4 Nf6 3. Nc3 c6 4. a4 g6 5. Nf3 Bg7 6. Be2 0-0 7. 0-0 Qc7 8. h3 e5 9. Be3 Re8 10. dxe5 dxe5 11. Qc1 Nbd7 12. Rd1 Nh5 13. Ng5 h6 14. Bxh5 gxh5 15. Nf3 Kh7 16. Ne2 Nf6 17. Ng3 Be6 18. Nh4 Rg8 19. Qd2 Bf8 20. Qe2 Be7 21. Ngf5 Bxf5 22. Nxf5 Rg6 23. Qc4 Bf8 24. Rd3 Re8 25. Bxa7 c5 26. a5 Re6 27. Bb6 Qc6 28. f3 Nd7 29. Bd8 Rg8 30. Rad1 Nf6 31. Bxf6 Rxf6 32. Rd7 1-0

[Event "Sea Chess-chT 1st"]
[Site "Kuala Lumpur"]
[Date "2001.09.08"]
[Round "4"]
[White "Handoko, Edhi"]
[Black "Nguyen, Anh Dung"]
[Result "0-1"]
[WhiteElo "2431"]
[BlackElo "2533"]
[PlyCount "90"]
[EventDate "2001.09.05"]
[EventType "team"]
[EventRounds "5"]
[EventCountry "MAS"]
[SourceTitle "CBM 084 Extra"]
[Source "ChessBase"]
[SourceDate "2001.10.26"]
[SourceVersion "1"]
[SourceVersionDate "2001.10.26"]
[SourceQuality "1"]

1. e4 c6 2. d4 d5 3. e5 Bf5 4. Nf3 e6 5. Be2 Nd7 6. 0-0 Ne7 7. c3 h6 8. Na3 Bh7 9. Nc2 Qc7 10. Ne3 0-0-0 11. Bd3 Bxd3 12. Qxd3 f6 13. exf6 gxf6 14. Nh4 Rg8 15. Bd2 Kb8 16. Rae1 Nc8 17. g3 Nd6 18. Neg2 Ne4 19. Be3 Ka8 20. Bf4 e5 21. Be3 c5 22. Nf5 Ng5 23. Bxg5 hxg5 24. Nge3 Qc6 25. c4 cxd4 26. cxd5 Qa4 27. b3 Nc5 28. Qb1 Qd7 29. b4 dxe3 30. bxc5 exf2+ 31. Rxf2 Bxc5 32. Ne3 Bb6 33. Qb3 f5 34. Rc2 Bd4 35. Kh1 f4 36. Nf1 a6 37. Nd2 fxg3 38. Ne4 Bf2 39. Ree2 Rh8 40. Nxg3 Bxg3 41. Qxg3 Qxd5+ 42. Qg2 Qd3 43. Rc1 g4 44. Qxg4 Rhg8 45. Qh5 Qd1+ 0-1

[Event "Olympiad-34"]
[Site "Istanbul"]
[Date "2000.11.06"]
[Round "9.2"]
[White "Nguyen, Anh Dung"]
[Black "Handoko, Edhi"]
[Result "1-0"]
[WhiteElo "2487"]
[BlackElo "2435"]
[PlyCount "129"]
[EventDate "2000.10.28"]
[EventType "team-swiss"]
[EventRounds "14"]
[EventCountry "TUR"]
[SourceTitle "EXT 2001"]
[Source "ChessBase"]
[SourceDate "2000.11.22"]
[SourceVersion "1"]
[SourceVersionDate "2000.11.22"]
[SourceQuality "1"]
[WhiteTeam "Vietnam"]
[BlackTeam "Indonesia"]
[WhiteTeamCountry "VIE"]
[BlackTeamCountry "INA"]

1. d4 d5 2. c4 c6 3. cxd5 cxd5 4. Nc3 Nf6 5. Bf4 Nc6 6. e3 a6 7. Rc1 g6 8. Nf3 Bg7 9. Ne5 0-0 10. Be2 Qb6 11. b3 Ne4 12. Nxe4 Bxe5 13. Bxe5 dxe4 14. Bg3 Qa5+ 15. Qd2 Qxd2+ 16. Kxd2 Rd8 17. Rc5 Be6 18. Rhc1 Bd5 19. f3 Rd7 20. fxe4 Bxe4 21. Bf3 Bxf3 22. gxf3 Rad8 23. Ke2 f6 24. R1c2 Rd5 25. Bf2 e5 26. Rxd5 Rxd5 27. e4 Nxd4+ 28. Bxd4 Rxd4 29. Rc8+ Kf7 30. Rc7+ Ke6 31. Rxb7 h5 32. Rb6+ Rd6 33. Rxd6+ Kxd6 34. b4 Kc6 35. a4 f5 36. h4 fxe4 37. fxe4 Kd7 38. Kd2 Ke7 39. Kc3 Kd7 40. b5 axb5 41. axb5 g5 42. hxg5 h4 43. g6 h3 44. g7 h2 45. g8Q h1Q 46. Qd5+ Kc8 47. Kb4 Qa1 48. Kc5 Qa7+ 49. Kd6 Qd7+ 50. Kxe5 Qg7+ 51. Kd6 Qf8+ 52. Kc6 Qf6+ 53. Qd6 Qf7 54. Qe5 Qg6+ 55. Kd5 Qg1 56. Qe8+ Kb7 57. Qc6+ Kb8 58. Qe8+ Kb7 59. Qd7+ Kb8 60. Qf5 Kb7 61. e5 Qd1+ 62. Ke6 Qb3+ 63. Ke7 Qb4+ 64. Ke8 Kb8 65. e6 1-0

[Event "INA-ROW m"]
[Site "Bali"]
[Date "1999.05.08"]
[Round "7"]
[White "Handoko, Edhi"]
[Black "Van den Doel, Erik"]
[Result "0-1"]
[WhiteElo "2435"]
[BlackElo "2535"]
[PlyCount "70"]
[EventDate "1999.05.??"]
[EventType "team"]
[EventRounds "8"]
[EventCountry "INA"]
[SourceTitle "CBM 071"]
[Source "ChessBase"]
[SourceDate "1999.08.01"]
[SourceVersion "1"]
[SourceVersionDate "1999.08.01"]
[SourceQuality "1"]

1. e4 e5 2. f4 exf4 3. Nf3 g5 4. Bc4 Bg7 5. d4 d6 6. 0-0 h6 7. g3 Bh3 8. Rf2 Nc6 9. c3 Qe7 10. gxf4 gxf4 11. Bxf4 0-0-0 12. Nbd2 Nf6 13. Qa4 Nxe4 14. d5 Rhg8 15. Nxe4 Qxe4 16. dxc6 Bd4+ 17. Bg3 Qxf3 18. Be6+ fxe6 19. Qxd4 Qxc6 20. Qh4 Bg4 21. Qxh6 e5 22. Qe3 Kb8 23. Rf6 Bc8 24. Qf3 Qe8 25. Rf1 b6 26. Qd5 Bb7 27. Qc4 b5 28. Qe2 Qc6 29. Kf2 b4 30. c4 e4 31. Ke3 Qc5+ 32. Kd2 Qa5 33. Rf7 b3+ 34. Ke3 bxa2 35. Ra1 Qb6+ 0-1

[Event "INA-ROW m"]
[Site "Bali"]
[Date "1999.05.04"]
[Round "3"]
[White "Torre, Eugenio"]
[Black "Handoko, Edhi"]
[Result "1/2-1/2"]
[WhiteElo "2557"]
[BlackElo "2435"]
[PlyCount "60"]
[EventDate "1999.05.??"]
[EventType "team"]
[EventRounds "8"]
[EventCountry "INA"]
[SourceTitle "CBM 071"]
[Source "ChessBase"]
[SourceDate "1999.08.01"]
[SourceVersion "1"]
[SourceVersionDate "1999.08.01"]
[SourceQuality "1"]

1. d4 d5 2. Nf3 Nf6 3. c4 c6 4. e3 e6 5. Bd3 Nbd7 6. 0-0 Bd6 7. Nc3 0-0 8. e4 dxc4 9. Bxc4 e5 10. Bg5 Qe7 11. Bb3 Rd8 12. Nh4 Nf8 13. Nf5 Bxf5 14. exf5 h6 15. Bxf6 Qxf6 16. Qh5 g6 17. fxg6 Qxg6 18. Qxg6+ Nxg6 19. dxe5 Bxe5 20. Rad1 Rd4 21. Rxd4 Bxd4 22. Rd1 Re8 23. Kf1 Bf6 24. g3 Kg7 25. f4 Nf8 26. Rd2 Re7 27. Nd1 Nd7 28. Ne3 Rxe3 29. Rxd7 Re7 30. Rxe7 Bxe7 1/2-1/2

[Event "INA-ROW m"]
[Site "Bali"]
[Date "1999.05.03"]
[Round "2"]
[White "Van den Doel, Erik"]
[Black "Handoko, Edhi"]
[Result "1/2-1/2"]
[WhiteElo "2535"]
[BlackElo "2435"]
[PlyCount "159"]
[EventDate "1999.05.??"]
[EventType "team"]
[EventRounds "8"]
[EventCountry "INA"]
[SourceTitle "CBM 071"]
[Source "ChessBase"]
[SourceDate "1999.08.01"]
[SourceVersion "1"]
[SourceVersionDate "1999.08.01"]
[SourceQuality "1"]

1. e4 e5 2. Nf3 Nf6 3. d4 Nxe4 4. Bd3 d5 5. Nxe5 Nd7 6. Nxd7 Bxd7 7. 0-0 Bd6 8. c4 c6 9. cxd5 cxd5 10. Qh5 0-0 11. Qxd5 Bc6 12. Qh5 g6 13. Qh3 Ng5 14. Qg4 Ne6 15. Nc3 h5 16. Qd1 Nxd4 17. Be3 Ne6 18. Qd2 Qc7 19. f4 Rad8 20. Rad1 Bc5 21. f5 Qe5 22. Rfe1 Nf4 23. Bxc5 Qxc5+ 24. Qe3 Qxe3+ 25. Rxe3 Nxg2 26. Re7 Nf4 27. Bc2 Rxd1+ 28. Bxd1 gxf5 29. Re5 Re8 30. Rxf5 Re1+ 31. Kf2 Nd3+ 32. Kg3 Nxb2 33. Be2 Na4 34. Kf2 Rh1 35. Nxa4 Rxh2+ 36. Ke3 Bxa4 37. Bxh5 Be8 38. Be2 Rh4 39. Bd1 Bd7 40. Ra5 a6 41. Bf3 Rb4 42. a3 Rb3+ 43. Kf4 Be6 44. Be4 Kg7 45. Ke5 Rb6 46. Kd4 Kf6 47. Kc5 Rb2 48. Kd6 Bc4 49. Kc7 b6 50. Ra4 Bb5 51. Rb4 Rxb4 52. axb4 Ke5 53. Bb7 f5 54. Kxb6 Kd4 55. Bc8 f4 56. Bb7 Kc4 57. Ka5 Kc3 58. Ba8 Kd4 59. Kb6 Be2 60. Bb7 Kc3 61. Ka5 Bc4 62. Ba8 Kd4 63. Bb7 Bd3 64. Kb6 Ke3 65. Kc5 Bb5 66. Ba8 Kd3 67. Kb6 Kc3 68. Ka5 Kd4 69. Kb6 Bc4 70. Bg2 Bd5 71. Bf1 f3 72. Bxa6 Bc4 73. Bb7 Bd5 74. Ba6 f2 75. Bf1 Bc4 76. Bh3 Ke3 77. Kc5 Be2 78. b5 Kf3 79. b6 Ba6 80. Bf1 1/2-1/2